| 000 | 00392cam a2200133 4500 | ||
|---|---|---|---|
| 020 |
_a0521082498 _a0521096588 (pbk.) |
||
| 050 | 0 | 0 |
_aQD476 _b.G54 |
| 100 | 1 | _aGilchrist, T. L. | |
| 245 | 1 | 0 |
_aOrganic reactions and orbital symmetry _c[by] T. L. Gilchrist and R. C. Storr. |
| 260 |
_aCambridge [Eng.] _bUniversity Press, _c1972. |
||
| 300 | _aviii, 271 p. | ||
| 700 | 1 | _aStorr, R. C., | |
| 942 | _cGEN | ||
| 999 |
_c2038 _d2038 |
||